00187nam a2200085Ia 4500008004100000100000900041245002100050260002100071260000900092170620s9999 xx 000 0 und d aBasu 4aThe Advocate act bCentral Law Pub. c2001